Administración del tiempo
I tiakina i:
| Kaituhi matua: | |
|---|---|
| Hōputu: | Pukapuka |
| Reo: | Pāniora |
| I whakaputaina: |
Ciudad de México
Manual Moderno
1987
|
| Rangatū: | Serie Capacitación Integral, 1
|
| Ngā marau: | |
| Ngā Tūtohu: |
Tāpirihia he Tūtohu
Kāore He Tūtohu, Me noho koe te mea tuatahi ki te tūtohu i tēnei pūkete!
|
MARC
| LEADER | 00000nam a2200000 a 4500 | ||
|---|---|---|---|
| 001 | UCW3999 | ||
| 003 | CL-VaPUC | ||
| 008 | 890712e19870000MX |||||||||||||||||spa|d | ||
| 082 | 0 | 4 | |a 658.3124 |b ROD |2 21 |
| 100 | 0 | |a Rodríguez Estrada, Mauro |e author |9 308480 | |
| 245 | 1 | 0 | |a Administración del tiempo |
| 300 | |a 63 p | ||
| 942 | |c BK | ||
| 945 | |d 19890712 00:00:00 | ||
| 260 | |a Ciudad de México |b Manual Moderno |c 1987 | ||
| 650 | 7 | |a PERFECCIONAMIENTO OCUPACIONAL |2 CL-VaPUC |9 308481 | |
| 650 | 7 | |a EMPLEADOS ADIESTRAMIENTO |2 CL-VaPUC |9 308482 | |
| 650 | 7 | |a MEDICION DEL TRABAJO |2 CL-VaPUC |9 260996 | |
| 650 | 0 | |a Administración del personal |9 260442 | |
| 583 | |a last modification |c 19890712 00:00:00 |k Rodrigo Vera | ||
| 490 | 0 | |a Serie Capacitación Integral, 1 | |
| 999 | |c 217839 |d 217837 | ||
| 952 | |0 0 |1 0 |4 0 |6 658_312400000000000_ROD_1987 |7 0 |8 A |9 206396 |a BIBEDU |b BIBEDU |d 2019-11-15 |i 2741733 |o 658.3124 ROD 1987 |p 2741733 |r 2019-11-15 |w 2019-11-15 |y BK |k EDU | ||